Normal view
MARC view
Entry Personal Name
001 - CONTROL NUMBER
- control field: 10298
003 - CONTROL NUMBER IDENTIFIER
- control field: ARRUPE
005 - DATE AND TIME OF LATEST TRANSACTION
- control field: 20140519163530.0
008 - FIXED-LENGTH DATA ELEMENTS
- fixed length control field: 140519|| aca||aabn | a|a d
040 ## - CATALOGING SOURCE
- Original cataloging agency: ARRUPE
- Transcribing agency: ARRUPE
100 ## - HEADING--PERSONAL NAME
- Personal name: Cassidy Sheila
670 ## - SOURCE DATA FOUND
- Source citation: Work cat.: (ARRUPE): Cassidy Sheila, confessions of a lapsed catholic, 2010